000 00487 a2200169 4500
001 066494
003 OSt
005 20210929151615.0
008
082 _a307.1412095
_bR88R
245 1 _aRural development in India(Vol. 3)
_cedited by K.R. Gupta
260 _aDelhi
_bAtlantic Publication
_c2008
300 _a301p.
690 _aRural development; Rural development--Government policy; India
700 _eEditor
_aGupta, K. R.
942 _2ddc
_cBK
999 _c543
_d543